The novels of wole soyinka / (Record no. 164370)

MARC details
000 -LEADER
fixed length control field 00471nam a22001697a 4500
005 - DATE AND TIME OF LATEST TRANSACTION
control field 20190808174803.0
010 ## - LCCN (DPL NO)
LC control number A-427415
020 ## - INTERNATIONAL STANDARD BOOK NUMBER
International Standard Book Number 8185218218
Terms of availability 100.00
035 ## - SYSTEM CONTROL NUMBER
System control number A-427415
037 ## - SOURCE OF ACQUISITION
Source of stock number/acquisition Prestige Books
082 ## - DEWEY DECIMAL CLASSIFICATION NUMBER
Classification number 883.08
100 ## - MAIN ENTRY--PERSONAL NAME
Personal name Rajehwar, M.
245 ## - TITLE STATEMENT
Title The novels of wole soyinka /
Statement of responsibility, etc M. Rajeshwar.
260 ## - PUBLICATION, DISTRIBUTION, ETC. (IMPRINT)
Place of publication, distribution, etc New Delhi
Name of publisher, distributor, etc Prestige Books
Date of publication, distribution, etc 1990
300 ## - PHYSICAL DESCRIPTION
Extent 95p (it include index)
Dimensions 22cm (hbk)
942 ## - ADDED ENTRY ELEMENTS (KOHA)
Source of classification or shelving scheme Dewey Decimal Classification
Item type English Books
Classification part 883.08
Call number suffix SOY
Holdings
Withdrawn status Lost status Not for loan Collection code Home library Current library Date acquired Full call number Barcode Koha item type
  Lost and Paid For   Non-fiction Sarojini Nagar Sarojini Nagar 16/05/2019 883.08 SOY A-427415 English Books

© Delhi Public Library
Hit Counter
free hit counter